| 000 | 00247nam a22000857a 4500 | ||
|---|---|---|---|
| 999 |
_c23585 _d23585 |
||
| 003 | Nust | ||
| 005 | 20170510162330.0 | ||
| 008 | 131219b xxu||||| |||| 00| 0 eng d | ||
| 020 |
_a8122902553 _cAvailable |
||
| 040 |
_aDLC _bDLC _cRCMS |
||
| 082 | _a832 ACH | ||
| 100 |
_aAchbe,Chinua _9303 |
||
| 245 | _aThings fall Apart | ||
| 260 |
_aDelhi India _bSurjeet Publications _cc2007 |
||
| 300 |
_a215,p. _bill. _c22,cm. |
||
| 538 | _iShelf # 13, Row # 1, Fiction. | ||
| 650 |
_aLiterature & Fiction _9304 |
||
| 856 | _3Table of Content Only | ||
| 942 |
_2ddc _cBK |
||